[Event "Oberliga Nord W 2122"]
[Site "Germany"]
[Date "2022.03.06"]
[Round "7.3"]
[White "Renner, Kai"]
[Black "Lehmann, Holger"]
[Result "1-0"]
[WhiteElo "2164"]
[BlackElo "2141"]
[PlyCount "61"]
[EventDate "2021.10.10"]
[EventType "team-tourn"]
[EventRounds "9"]
[EventCountry "GER"]
[SourceTitle "EXT 2023"]
[Source "ChessBase"]
[SourceDate "2022.10.05"]
[SourceVersion "1"]
[SourceVersionDate "2022.10.05"]
[SourceQuality "1"]
[WhiteTeam "Hameln"]
[BlackTeam "Hellern"]
[WhiteTeamCountry "GER"]
[BlackTeamCountry "GER"]

1. e4 c5 2. Nf3 Nc6 3. d4 cxd4 4. Nxd4 g6 5. c4 Bg7 6. Be3 Nf6 7. Nc3 Ng4 8. Qxg4 Nxd4 9. Qd1 e5 10. Bd3 0-0 11. 0-0 b6 12. Qd2 Bb7 13. Rac1 f5 14. exf5 Qh4 15. f3 gxf5 16. Qf2 Qf6 17. Rfd1 Rf7 18. Bf1 Bf8 19. Bxd4 exd4 20. Nb5 Bc5 21. Nxd4 Rg7 22. Kh1 Re8 23. Qd2 a5 24. a3 a4 25. Qc3 f4 26. Nb5 Qh4 27. Re1 Rf8 28. Re2 Rg6 29. Nd4 Rd6 30. Rd1 Rf5 31. Nxf5 1-0

[Event "Oberliga Nord W 2122"]
[Site "Germany"]
[Date "2021.12.12"]
[Round "4.4"]
[White "Lehmann, Holger"]
[Black "Lau, Siegfried"]
[Result "1/2-1/2"]
[WhiteElo "2141"]
[BlackElo "1986"]
[PlyCount "31"]
[EventDate "2021.10.10"]
[EventType "team-tourn"]
[EventRounds "9"]
[EventCountry "GER"]
[SourceTitle "EXT 2023"]
[Source "ChessBase"]
[SourceDate "2022.10.05"]
[SourceVersion "1"]
[SourceVersionDate "2022.10.05"]
[SourceQuality "1"]
[WhiteTeam "Hellern"]
[BlackTeam "Salzgitter"]
[WhiteTeamCountry "GER"]
[BlackTeamCountry "GER"]

1. c4 e6 2. g3 d5 3. Bg2 Nf6 4. Nf3 Nbd7 5. b3 Be7 6. 0-0 0-0 7. Bb2 c6 8. Qc2 h6 9. d3 Qc7 10. a3 Re8 11. Nbd2 Bf8 12. d4 b6 13. Ne5 Bb7 14. e4 dxe4 15. Nxe4 c5 16. Nxd7 1/2-1/2

[Event "NRW Class1 1718"]
[Site "Germany"]
[Date "2018.04.08"]
[Round "8.3"]
[White "Schmitz, Philipp"]
[Black "Lehmann, Holger"]
[Result "1/2-1/2"]
[WhiteElo "2159"]
[BlackElo "2168"]
[PlyCount "56"]
[EventDate "2017.09.17"]
[EventType "team-tourn"]
[EventRounds "9"]
[EventCountry "GER"]
[SourceTitle "EXT 2019"]
[Source "ChessBase"]
[SourceDate "2018.10.10"]
[SourceVersion "1"]
[SourceVersionDate "2018.10.10"]
[SourceQuality "1"]
[WhiteTeam "Iserlohn Koenigsspringer"]
[BlackTeam "Emsdetten Rochade"]
[WhiteTeamCountry "GER"]
[BlackTeamCountry "GER"]

1. e4 c5 2. Nc3 Nc6 3. Bb5 Na5 4. Be2 a6 5. Nf3 b5 6. d4 cxd4 7. Nxd4 Bb7 8. 0-0 b4 9. Nd5 e6 10. Re1 exd5 11. exd5 Bc5 12. Bxa6+ Kf8 13. Bxb7 Nxb7 14. Nb3 Bd6 15. Qd4 Rb8 16. Bd2 Na5 17. Nxa5 Qxa5 18. a3 Nf6 19. Red1 Qxd5 20. Qxd5 Nxd5 21. Be1 bxa3 22. Rxd5 axb2 23. Rb1 Ke7 24. Bc3 Rhc8 25. Bxb2 Rxc2 26. Re1+ Kd8 27. Bxg7 Bc5 28. Bd4 Bxd4 1/2-1/2

[Event "NRW Class1 1718"]
[Site "Germany"]
[Date "2017.10.15"]
[Round "2.4"]
[White "Lehmann, Holger"]
[Black "Schaefer, Juergen"]
[Result "1/2-1/2"]
[WhiteElo "2168"]
[BlackElo "2164"]
[PlyCount "70"]
[EventDate "2017.09.17"]
[EventType "team-tourn"]
[EventRounds "9"]
[EventCountry "GER"]
[SourceTitle "EXT 2019"]
[Source "ChessBase"]
[SourceDate "2018.10.10"]
[SourceVersion "1"]
[SourceVersionDate "2018.10.10"]
[SourceQuality "1"]
[WhiteTeam "Emsdetten Rochade"]
[BlackTeam "Bruehl"]
[WhiteTeamCountry "GER"]
[BlackTeamCountry "GER"]

1. d4 g6 2. c4 Bg7 3. Nc3 d6 4. e4 e5 5. d5 f5 6. Bd3 Nf6 7. f3 0-0 8. Be3 c6 9. Nge2 cxd5 10. cxd5 fxe4 11. Nxe4 Nxe4 12. Bxe4 Bh6 13. Bxh6 Qh4+ 14. Ng3 Qxh6 15. Qd2 Qxd2+ 16. Kxd2 Bf5 17. h4 Na6 18. h5 Nc5 19. b4 Nxe4+ 20. fxe4 Bd7 21. hxg6 hxg6 22. Rh6 Kg7 23. Rah1 Rh8 24. Rxh8 Rxh8 25. Rxh8 Kxh8 26. Nf1 Kg7 27. Ne3 Bb5 28. a4 Bxa4 29. Nc4 Bd7 30. Nxd6 b6 31. Nc4 Kf6 32. Kc3 Bg4 33. Kd2 Bd7 34. Kc3 Bg4 35. Kd2 Bd7 1/2-1/2

[Event "NRW Class1 1718"]
[Site "Germany"]
[Date "2017.09.17"]
[Round "1.3"]
[White "Kartsev, Soel"]
[Black "Lehmann, Holger"]
[Result "1-0"]
[WhiteElo "2164"]
[BlackElo "2168"]
[PlyCount "65"]
[EventDate "2017.09.17"]
[EventType "team-tourn"]
[EventRounds "9"]
[EventCountry "GER"]
[SourceTitle "EXT 2019"]
[Source "ChessBase"]
[SourceDate "2018.10.10"]
[SourceVersion "1"]
[SourceVersionDate "2018.10.10"]
[SourceQuality "1"]
[WhiteTeam "Brackel"]
[BlackTeam "Emsdetten Rochade"]
[WhiteTeamCountry "GER"]
[BlackTeamCountry "GER"]

1. e4 c5 2. c3 d5 3. exd5 Qxd5 4. Nf3 Nf6 5. d4 g6 6. Na3 cxd4 7. Bc4 Qd8 8. Qb3 e6 9. Nxd4 Bg7 10. Bf4 0-0 11. 0-0 a6 12. Rad1 Qa5 13. Rfe1 b5 14. Bxe6 Bxe6 15. Nxe6 fxe6 16. Qxe6+ Kh8 17. Bd6 Rg8 18. Be7 Re8 19. Qxf6 Bxf6 20. Bxf6+ Kg8 21. Rxe8+ Kf7 22. Bd8 Qa4 23. Re7+ Kf8 24. Rd4 b4 25. cxb4 Nc6 26. Rf4+ Kg8 27. Re8+ Kg7 28. Bf6+ Kf7 29. Re1 Kg8 30. Bc3 Rd8 31. g3 Rd1 32. Kf1 Ne7 33. b5 1-0

[Event "Dortmund Sparkassen op-A 45th"]
[Site "Dortmund"]
[Date "2017.07.23"]
[Round "9"]
[White "Lehmann, Holger"]
[Black "Happe, Ulrich"]
[Result "1-0"]
[WhiteElo "2188"]
[BlackElo "2064"]
[PlyCount "69"]
[EventDate "2017.07.15"]
[EventType "swiss"]
[EventRounds "9"]
[EventCountry "GER"]
[SourceTitle "CBM 179 Extra"]
[Source "ChessBase"]
[SourceDate "2017.08.23"]
[SourceVersion "1"]
[SourceVersionDate "2017.08.23"]
[SourceQuality "1"]

1. Nf3 Nf6 2. c4 g6 3. Nc3 c5 4. d4 cxd4 5. Nxd4 Bg7 6. e4 d6 7. Be2 Nc6 8. Be3 Bd7 9. 0-0 0-0 10. f3 a6 11. Qd2 Qb8 12. Nc2 Rc8 13. Na4 Rc7 14. Nb6 Ra7 15. b4 Ne5 16. a4 Be6 17. Na3 Nfd7 18. a5 Kf8 19. Rab1 Rc6 20. f4 Ng4 21. Bxg4 Bxg4 22. h3 Nxb6 23. axb6 Ra8 24. hxg4 Qe8 25. Rfd1 Kg8 26. e5 Rd8 27. b5 axb5 28. Nxb5 Qd7 29. Na7 Ra8 30. Nxc6 Qxc6 31. Qd5 Qc8 32. exd6 exd6 33. Rbc1 Qxg4 34. Qxb7 Ra2 35. Qc8+ 1-0

[Event "NRW Class2 1617"]
[Site "Germany"]
[Date "2017.02.12"]
[Round "6.4"]
[White "Lehmann, Holger"]
[Black "Georg, Heinz"]
[Result "1-0"]
[WhiteElo "2116"]
[BlackElo "2234"]
[PlyCount "105"]
[EventDate "2016.09.25"]
[EventType "team-tourn"]
[EventRounds "9"]
[EventCountry "GER"]
[SourceTitle "EXT 2023"]
[Source "ChessBase"]
[SourceDate "2022.10.05"]
[SourceVersion "1"]
[SourceVersionDate "2022.10.05"]
[SourceQuality "1"]
[WhiteTeam "Emsdetten Rochade"]
[BlackTeam "Kamen SV"]
[WhiteTeamCountry "GER"]
[BlackTeamCountry "GER"]

1. d4 Nf6 2. c4 g6 3. Nc3 d5 4. cxd5 Nxd5 5. g3 Bg7 6. Bg2 Nxc3 7. bxc3 c5 8. e3 0-0 9. Ne2 Nc6 10. 0-0 Qc7 11. a4 Na5 12. Ba3 c4 13. Nf4 Re8 14. Nd5 Qd8 15. e4 e6 16. Ne3 e5 17. Nd5 Be6 18. dxe5 Bxd5 19. exd5 Bxe5 20. Qc2 Nb3 21. Rad1 Bd6 22. Bb4 a5 23. Bxd6 Qxd6 24. h4 Re5 25. Rfe1 Rae8 26. Rxe5 Rxe5 27. f4 Re3 28. Kh2 h6 29. Bf1 g5 30. hxg5 hxg5 31. Qf5 gxf4 32. Qxf4 Qxf4 33. gxf4 Kf8 34. d6 Ke8 35. Bxc4 Nc5 36. Rd5 b6 37. Bb5+ Kd8 38. Rh5 Re8 39. Kg2 Rg8+ 40. Kf3 Nb7 41. Rh6 Kc8 42. d7+ Kc7 43. Rc6+ Kb8 44. Rxb6 Kc7 45. Rc6+ Kb8 46. Rc8+ Rxc8 47. dxc8Q+ Kxc8 48. Ba6 Kc7 49. Bxb7 Kxb7 50. Ke4 Kc6 51. Kd4 Kd6 52. c4 f6 53. f5 1-0

[Event "NRW Class2 1617"]
[Site "Germany"]
[Date "2017.01.22"]
[Round "5.4"]
[White "Stricker, Florian"]
[Black "Lehmann, Holger"]
[Result "0-1"]
[WhiteElo "2098"]
[BlackElo "2116"]
[PlyCount "68"]
[EventDate "2016.09.25"]
[EventType "team-tourn"]
[EventRounds "9"]
[EventCountry "GER"]
[SourceTitle "EXT 2023"]
[Source "ChessBase"]
[SourceDate "2022.10.05"]
[SourceVersion "1"]
[SourceVersionDate "2022.10.05"]
[SourceQuality "1"]
[WhiteTeam "Bochum SG II"]
[BlackTeam "Emsdetten Rochade"]
[WhiteTeamCountry "GER"]
[BlackTeamCountry "GER"]

1. d4 d5 2. c4 c6 3. Nf3 e6 4. Nc3 dxc4 5. a4 Bb4 6. e3 b5 7. Bd2 Bb7 8. axb5 Bxc3 9. Bxc3 cxb5 10. b3 a5 11. bxc4 b4 12. Bb2 Nf6 13. Bd3 Nbd7 14. Qc2 Qc7 15. 0-0 0-0 16. Ne5 Nxe5 17. dxe5 Nd7 18. Bxh7+ Kh8 19. Rfd1 g6 20. Bxg6 fxg6 21. Qxg6 Nc5 22. Bd4 Nb3 23. Qxe6 Ra6 24. Qg4 Qg7 25. Qh3+ Rh6 26. Qg3 Rg6 27. Qh3+ Kg8 28. g3 Nxa1 29. Rxa1 Rh6 30. Qf1 Qg4 31. f4 Ra6 32. c5 Qf3 33. Qxf3 Bxf3 34. Kf2 Be4 0-1

[Event "NRW Class2 1617"]
[Site "Germany"]
[Date "2016.10.23"]
[Round "2.4"]
[White "Lehmann, Holger"]
[Black "Riedel, Holger"]
[Result "1/2-1/2"]
[WhiteElo "2116"]
[BlackElo "2152"]
[PlyCount "165"]
[EventDate "2016.09.25"]
[EventType "team-tourn"]
[EventRounds "9"]
[EventCountry "GER"]
[SourceTitle "EXT 2023"]
[Source "ChessBase"]
[SourceDate "2022.10.05"]
[SourceVersion "1"]
[SourceVersionDate "2022.10.05"]
[SourceQuality "1"]
[WhiteTeam "Emsdetten Rochade"]
[BlackTeam "Niederkassel"]
[WhiteTeamCountry "GER"]
[BlackTeamCountry "GER"]

1. c4 b6 2. Nc3 e6 3. a3 c5 4. Nf3 Bb7 5. g3 Nc6 6. Bg2 Nf6 7. 0-0 Be7 8. d4 Nxd4 9. Nxd4 Bxg2 10. Kxg2 cxd4 11. Qxd4 0-0 12. Rd1 Rc8 13. Bf4 d6 14. Bxd6 Bxd6 15. Qxd6 Qxd6 16. Rxd6 Rxc4 17. Rad1 g5 18. h3 Kg7 19. f3 h5 20. g4 Rfc8 21. R1d2 R8c5 22. Kf2 hxg4 23. hxg4 Rc8 24. R2d4 R4c5 25. Rd8 R8c7 26. R4d6 Rb7 27. Rd2 a6 28. e4 b5 29. Nd1 a5 30. Ne3 Rcc7 31. Ra8 a4 32. Nc2 Nd7 33. Ne3 Rc1 34. Rd8 Ne5 35. Rd1 Rxd1 36. Rxd1 b4 37. Rd4 bxa3 38. bxa3 Rb2+ 39. Kf1 Rb3 40. Ke2 Rxa3 41. Nc4 Nxf3 42. Rd7 Rc3 43. Nd6 Ne5 44. Ra7 Rc2+ 45. Ke3 Rc6 46. Ne8+ Kf8 47. Nf6 Kg7 48. Ne8+ Kg6 49. Rxa4 Nxg4+ 50. Kd4 Rc1 51. Kd3 Nf6 52. Nxf6 Kxf6 53. Ke3 Rc3+ 54. Kd4 Rb3 55. e5+ Kf5 56. Ra7 Kg6 57. Ke4 Rb4+ 58. Ke3 g4 59. Rc7 Kf5 60. Rxf7+ Kxe5 61. Ra7 Rb3+ 62. Kf2 Kf4 63. Rf7+ Ke4 64. Rg7 Rf3+ 65. Kg2 Rf4 66. Kg3 e5 67. Ra7 Rf3+ 68. Kxg4 Rd3 69. Re7 Rd5 70. Ra7 Rd4 71. Ra3 Rd3 72. Ra1 Rc3 73. Ra4+ Kd5 74. Ra5+ Rc5 75. Ra6 Kd4 76. Kf5 Kd3 77. Ra3+ Kd4 78. Ra4+ Kd5 79. Ra6 e4 80. Kf4 Rc4 81. Ra8 Kd4 82. Rd8+ Kc3 83. Ke3 1/2-1/2

[Event "Pardubice op rapid 27th"]
[Site "Pardubice"]
[Date "2016.07.20"]
[Round "1"]
[White "Lehmann, Holger"]
[Black "Cvek, Robert"]
[Result "1/2-1/2"]
[WhiteElo "2144"]
[BlackElo "2522"]
[PlyCount "136"]
[EventDate "2016.07.20"]
[EventType "swiss (rapid)"]
[EventRounds "9"]
[EventCountry "CZE"]
[SourceTitle "CBM 173 Extra"]
[Source "ChessBase"]
[SourceDate "2016.08.29"]
[SourceVersion "1"]
[SourceVersionDate "2016.08.29"]
[SourceQuality "1"]

1. d4 Nf6 2. c4 g6 3. Nc3 Bg7 4. e4 d6 5. h3 0-0 6. Bg5 Na6 7. Bd3 e5 8. d5 h6 9. Be3 Nc5 10. Bc2 a5 11. g4 c6 12. Qd2 cxd5 13. cxd5 Kh7 14. Nge2 Bd7 15. Ng3 b5 16. Kf1 b4 17. Nce2 Rc8 18. Rc1 Bb5 19. Kg2 Qb6 20. Bb1 Qa6 21. f3 h5 22. gxh5 Nxh5 23. Nxh5 gxh5 24. Ng3 Rg8 25. Kh2 Nd7 26. Nf5 Rxc1 27. Rxc1 Bf8 28. Qf2 Nf6 29. Re1 Bd7 30. Qh4 Bxf5 31. exf5 Be7 32. Kh1 Qb5 33. Be4 Qc4 34. Bg5 Qd4 35. Bxf6 Bxf6 36. Qxh5+ Kg7 37. Rg1+ Kf8 38. Qh6+ Rg7 39. Rxg7 Bxg7 40. Qxd6+ Ke8 41. Qc6+ Kd8 42. Qc2 Bh6 43. f6 Qe3 44. d6 Qc1+ 45. Qxc1 Bxc1 46. b3 Bg5 47. Bc6 Bxf6 48. Kg2 Bh4 49. Kf1 f5 50. Ke2 Bg3 51. Kd3 e4+ 52. fxe4 fxe4+ 53. Kxe4 Bxd6 54. Kf5 Bg3 55. Kg4 Be1 56. h4 Ke7 57. Kg5 Kf7 58. h5 Kg7 59. h6+ Kh8 60. Bd5 Bg3 61. Kg6 Bc7 62. Be4 Bf4 63. h7 Bc7 64. Kf7 Bb6 65. Ke7 Kg7 66. Kd7 Kh8 67. Kc8 Kg7 68. Kb7 Bd8 1/2-1/2

[Event "NRW Class1 1516"]
[Site "Germany"]
[Date "2016.01.10"]
[Round "5.2"]
[White "Luetke, Jens"]
[Black "Lehmann, Holger"]
[Result "1/2-1/2"]
[WhiteElo "2201"]
[BlackElo "2153"]
[PlyCount "75"]
[EventDate "2015.09.27"]
[EventType "team-tourn"]
[EventRounds "9"]
[EventCountry "GER"]
[SourceTitle "EXT 2017"]
[Source "ChessBase"]
[SourceDate "2016.10.25"]
[SourceVersion "1"]
[SourceVersionDate "2016.10.25"]
[SourceQuality "1"]
[WhiteTeam "Kamen"]
[BlackTeam "Emsdetten Rochade"]
[WhiteTeamCountry "GER"]
[BlackTeamCountry "GER"]

1. Nf3 Nf6 2. c4 g6 3. d4 Bg7 4. Nc3 d5 5. cxd5 Nxd5 6. e4 Nxc3 7. bxc3 0-0 8. Be3 c5 9. Rb1 b6 10. Qd2 cxd4 11. cxd4 Bb7 12. Bd3 Nd7 13. Bh6 e5 14. Bxg7 Kxg7 15. d5 Qe7 16. 0-0 Nc5 17. Rfe1 Bc8 18. h3 Bd7 19. Bb5 Bxb5 20. Rxb5 Rac8 21. a4 Nb7 22. d6 Qxd6 23. Rd5 Qc6 24. Nxe5 Qc3 25. Qxc3 Rxc3 26. Rd7 Nc5 27. Rxa7 Ra3 28. Nd7 Nxd7 29. Rxd7 Rxa4 30. e5 Kg8 31. Rb7 Rb4 32. e6 fxe6 33. Rxe6 Rb1+ 34. Kh2 Rf7 35. Re8+ Kg7 36. Reb8 h5 37. f4 Rb4 38. Rxb6 1/2-1/2

[Event "NRW Class1 1516"]
[Site "Germany"]
[Date "2015.12.20"]
[Round "4.2"]
[White "Lehmann, Holger"]
[Black "Lindam, Ingo"]
[Result "1/2-1/2"]
[WhiteElo "2153"]
[BlackElo "2058"]
[PlyCount "29"]
[EventDate "2015.09.27"]
[EventType "team-tourn"]
[EventRounds "9"]
[EventCountry "GER"]
[SourceTitle "EXT 2017"]
[Source "ChessBase"]
[SourceDate "2016.10.25"]
[SourceVersion "1"]
[SourceVersionDate "2016.10.25"]
[SourceQuality "1"]
[WhiteTeam "Emsdetten Rochade"]
[BlackTeam "Koeln Lasker"]
[WhiteTeamCountry "GER"]
[BlackTeamCountry "GER"]

1. e4 c5 2. Nf3 e6 3. d4 cxd4 4. Nxd4 Nc6 5. Nc3 Qc7 6. g3 a6 7. Bg2 Nf6 8. 0-0 Nxd4 9. Qxd4 Bc5 10. Bf4 d6 11. Qd2 h6 12. Na4 e5 13. Nxc5 dxc5 14. Be3 Ng4 15. Rfd1 1/2-1/2

[Event "NRW-ch"]
[Site "Emsdetten"]
[Date "2015.10.15"]
[Round "4"]
[White "Lehmann, Holger"]
[Black "Messarius, Juergen"]
[Result "1/2-1/2"]
[WhiteElo "2163"]
[BlackElo "2204"]
[PlyCount "46"]
[EventDate "2015.10.??"]
[EventType "swiss"]
[EventRounds "7"]
[EventCountry "GER"]
[SourceTitle "EXT 2017"]
[Source "ChessBase"]
[SourceDate "2016.10.25"]
[SourceVersion "1"]
[SourceVersionDate "2016.10.25"]
[SourceQuality "1"]

1. d4 f5 2. Bg5 g6 3. Nc3 Nh6 4. e3 Nf7 5. Bh4 c6 6. Bc4 d5 7. Bd3 Bg7 8. Nf3 0-0 9. 0-0 Nd7 10. Ne2 Qe8 11. c4 e6 12. Rc1 Bh6 13. b4 g5 14. Bg3 dxc4 15. Bxc4 Nb6 16. Bb3 Qe7 17. Rc5 Nd7 18. Rc4 Nd6 19. Rc1 Ne4 20. Nc3 Nxg3 21. hxg3 g4 22. Ne1 a6 23. Nd3 Kh8 1/2-1/2

[Event "Pardubice Czech op-A 26th"]
[Site "Pardubice"]
[Date "2015.08.01"]
[Round "9.91"]
[White "Warakomska, Anna"]
[Black "Lehmann, Holger"]
[Result "1-0"]
[WhiteElo "2274"]
[BlackElo "2180"]
[PlyCount "63"]
[EventDate "2015.07.24"]
[EventType "swiss"]
[EventRounds "9"]
[EventCountry "CZE"]
[SourceTitle "EXT 2017"]
[Source "ChessBase"]
[SourceDate "2016.10.25"]
[SourceVersion "1"]
[SourceVersionDate "2016.10.25"]
[SourceQuality "1"]

1. e4 c5 2. Nf3 Nc6 3. d4 cxd4 4. Nxd4 e5 5. Nb5 a6 6. Nd6+ Bxd6 7. Qxd6 Qf6 8. Qd1 Qg6 9. Nc3 Nge7 10. g3 d5 11. Bg2 dxe4 12. Nxe4 0-0 13. c3 Bh3 14. Bf3 Rad8 15. Qe2 h6 16. Bd2 f5 17. Nc5 e4 18. Bh5 Qf6 19. 0-0-0 Ne5 20. Bf4 N7c6 21. Qc2 Qe7 22. Qb3+ Kh7 23. Be3 Rb8 24. Be2 Bg4 25. Bxg4 fxg4 26. Nxe4 Rfd8 27. Nc5 Rxd1+ 28. Rxd1 Nf3 29. Rd7 Qf8 30. Ne6 Qf6 31. Rxg7+ Kh8 32. Qc2 1-0

[Event "Pardubice Czech op-A 26th"]
[Site "Pardubice"]
[Date "2015.07.25"]
[Round "2.89"]
[White "Lehmann, Holger"]
[Black "Lugovskoy, Maxim"]
[Result "1-0"]
[WhiteElo "2180"]
[BlackElo "2432"]
[PlyCount "101"]
[EventDate "2015.07.24"]
[EventType "swiss"]
[EventRounds "9"]
[EventCountry "CZE"]
[SourceTitle "EXT 2017"]
[Source "ChessBase"]
[SourceDate "2016.10.25"]
[SourceVersion "1"]
[SourceVersionDate "2016.10.25"]
[SourceQuality "1"]

1. e4 e6 2. d4 d5 3. Nc3 Bb4 4. Nge2 dxe4 5. a3 Be7 6. Nxe4 Nf6 7. N2g3 Bd7 8. Bd3 Bc6 9. c3 Nbd7 10. 0-0 Nxe4 11. Bxe4 Bxe4 12. Nxe4 Nf6 13. Qf3 Nxe4 14. Qxe4 c6 15. Re1 0-0 16. Bf4 Qd5 17. Be5 Rfd8 18. Qg4 Bf8 19. Re3 Rd7 20. Rae1 Qb3 21. Qe2 b5 22. Rg3 Rc8 23. Bf6 g6 24. h4 Bg7 25. Bxg7 Kxg7 26. h5 Rd5 27. hxg6 hxg6 28. Rh3 Rg5 29. f4 Rd5 30. Qf2 Rh8 31. Rxh8 Kxh8 32. Re5 Rd7 33. Qe2 Qa2 34. Rc5 Qb1+ 35. Kf2 Qc1 36. Kg3 Kh7 37. Rxc6 Rxd4 38. cxd4 Qxc6 39. Qe3 Qc2 40. Qc3 Qe4 41. Qc7 Qe3+ 42. Kg4 Qe2+ 43. Kg5 Qh5+ 44. Kf6 Qf5+ 45. Ke7 g5 46. Kf8 Kg6 47. fxg5 Qf2 48. Qe5 Qxb2 49. g4 Qxa3+ 50. Kg8 Qe7 51. Qg7# 1-0

[Event "Pardubice Czech op-A 26th"]
[Site "Pardubice"]
[Date "2015.07.24"]
[Round "1"]
[White "Bagi, Mate"]
[Black "Lehmann, Holger"]
[Result "1-0"]
[WhiteElo "2417"]
[BlackElo "2180"]
[PlyCount "131"]
[EventDate "2015.07.24"]
[EventType "swiss"]
[EventRounds "9"]
[EventCountry "CZE"]
[SourceTitle "CBM 167 Extra"]
[Source "ChessBase"]
[SourceDate "2015.09.14"]
[SourceVersion "1"]
[SourceVersionDate "2015.09.14"]
[SourceQuality "1"]

1. e4 c5 2. Nf3 d6 3. d4 cxd4 4. Nxd4 Nf6 5. Nc3 Bd7 6. Bg5 e6 7. Qd2 h6 8. Bxf6 Qxf6 9. Ndb5 Bxb5 10. Bxb5+ Nc6 11. 0-0-0 a6 12. Bxc6+ bxc6 13. f4 Qd8 14. Qd4 Rb8 15. Rd3 Qb6 16. Ne2 Qxd4 17. Nxd4 Rb6 18. Nf3 g5 19. f5 g4 20. Nd2 d5 21. c4 Bg7 22. b3 d4 23. h3 gxh3 24. gxh3 c5 25. Rg1 Be5 26. Rf3 Ke7 27. fxe6 fxe6 28. Rgf1 Rh7 29. Rf8 Rb8 30. Rxb8 Bxb8 31. Kc2 Rg7 32. Kd3 Rg2 33. a3 a5 34. Rf3 Be5 35. Rf1 Bf6 36. b4 cxb4 37. axb4 axb4 38. c5 Rg3+ 39. Kc4 Rxh3 40. Kxb4 Be5 41. Nc4 Bh2 42. e5 Rh5 43. Rh1 Kd7 44. Kb5 Kc7 45. c6 d3 46. Ra1 Bxe5 47. Ra7+ Kb8 48. Rb7+ Kc8 49. Nb6+ Kd8 50. Rd7+ Ke8 51. Rxd3 Kf7 52. Ka6 Rh1 53. Nc4 Ra1+ 54. Kb7 Rb1+ 55. Kc8 Bh2 56. Rh3 Rc1 57. Rxh2 Rxc4 58. c7 Kg6 59. Kd7 Kg5 60. Re2 Kf5 61. Rh2 Rd4+ 62. Ke7 Rc4 63. Kd6 Kg5 64. Re2 Rc1 65. Re5+ Kf6 66. Rc5 1-0

[Event "Pardubice op rap 26th"]
[Site "Pardubice"]
[Date "2015.07.23"]
[Round "9"]
[White "Lehmann, Holger"]
[Black "Bibik, Jura"]
[Result "0-1"]
[WhiteElo "2180"]
[BlackElo "2225"]
[PlyCount "60"]
[EventDate "2015.07.22"]
[EventType "swiss (rapid)"]
[EventRounds "9"]
[EventCountry "CZE"]
[SourceTitle "CBM 167 Extra"]
[Source "ChessBase"]
[SourceDate "2015.09.14"]
[SourceVersion "1"]
[SourceVersionDate "2015.09.14"]
[SourceQuality "1"]

1. d4 f5 2. g4 e6 3. g5 d5 4. h4 c5 5. c3 Nc6 6. Bf4 Qb6 7. e3 Qxb2 8. Nd2 Qxc3 9. Rc1 Qa5 10. Ngf3 c4 11. Bg2 Ba3 12. 0-0 Bxc1 13. Qxc1 Nge7 14. h5 Qxa2 15. Ne5 Bd7 16. e4 Nxd4 17. Re1 fxe4 18. Nxe4 dxe4 19. Bxe4 Ne2+ 20. Rxe2 Qxe2 21. Bxb7 Rd8 22. Bf3 Qa2 23. Nxc4 Nf5 24. Ne5 Nd4 25. Qc5 Nxf3+ 26. Nxf3 Qd5 27. Qc3 Rf8 28. Qxg7 Qxf3 29. Be3 Bc6 30. Qe7+ Kxe7 0-1

[Event "Pardubice op rap 26th"]
[Site "Pardubice"]
[Date "2015.07.23"]
[Round "5"]
[White "Lehmann, Holger"]
[Black "Toporkova, Sofia"]
[Result "1-0"]
[WhiteElo "2180"]
[BlackElo "1953"]
[PlyCount "157"]
[EventDate "2015.07.22"]
[EventType "swiss (rapid)"]
[EventRounds "9"]
[EventCountry "CZE"]
[SourceTitle "CBM 167 Extra"]
[Source "ChessBase"]
[SourceDate "2015.09.14"]
[SourceVersion "1"]
[SourceVersionDate "2015.09.14"]
[SourceQuality "1"]

1. c4 e6 2. d4 d5 3. Nc3 c6 4. e3 Nd7 5. Qc2 Ngf6 6. Nf3 Be7 7. b3 0-0 8. Bd3 h6 9. 0-0 Qc7 10. Bb2 dxc4 11. bxc4 a6 12. e4 c5 13. e5 Ne8 14. Ne4 cxd4 15. Bxd4 Nc5 16. Nxc5 Bxc5 17. Qe2 Bxd4 18. Nxd4 g6 19. Rac1 Ng7 20. Bb1 Nf5 21. Nb3 Bd7 22. Rfd1 Rfd8 23. Bxf5 exf5 24. h4 h5 25. c5 Be6 26. Rd6 Bxb3 27. axb3 Re8 28. Qe3 Rac8 29. b4 Qe7 30. f4 Qxh4 31. Rcd1 Rcd8 32. Qf3 Qe7 33. R1d4 Qc7 34. Qd1 Rxd6 35. Rxd6 Re7 36. Qd5 Kg7 37. Kh2 Qc8 38. Qd4 Kh7 39. e6 Qh8 40. Qxh8+ Kxh8 41. Rd7 Rxe6 42. Rxf7 b6 43. Rc7 a5 44. cxb6 Rxb6 45. bxa5 Ra6 46. Rc5 Kg7 47. Kg3 Rd6 48. Rc3 Kf6 49. Rb3 Kg7 50. Kf3 Ra6 51. Ra3 Kf6 52. Ke3 Ke6 53. Kd4 Kd6 54. Kc4 Kc6 55. Kb4 Kb7 56. Kb5 Rd6 57. Rb3 Rd2 58. g3 Ra2 59. Re3 Rb2+ 60. Kc5 Ra2 61. Re7+ Ka6 62. Re6+ Kxa5 63. Rxg6 Rd2 64. Rg5 Rd3 65. Kc4 Rf3 66. Rxf5+ Kb6 67. Rg5 h4 68. f5 hxg3 69. Kd5 Kc7 70. Ke4 Ra3 71. Ke5 Kd8 72. Kf6 Ra6+ 73. Kg7 Ra7+ 74. Kg6 Ra3 75. f6 Ke8 76. Kg7 Ra7+ 77. Kg8 Ra8 78. Rxg3 Kd7+ 79. Kg7 1-0

[Event "Pardubice op rap 26th"]
[Site "Pardubice"]
[Date "2015.07.23"]
[Round "8"]
[White "Svedberg, Hans"]
[Black "Lehmann, Holger"]
[Result "0-1"]
[WhiteElo "2022"]
[BlackElo "2180"]
[PlyCount "52"]
[EventDate "2015.07.22"]
[EventType "swiss (rapid)"]
[EventRounds "9"]
[EventCountry "CZE"]
[SourceTitle "CBM 167 Extra"]
[Source "ChessBase"]
[SourceDate "2015.09.14"]
[SourceVersion "1"]
[SourceVersionDate "2015.09.14"]
[SourceQuality "1"]

1. e4 c5 2. Nf3 Nc6 3. Bb5 Na5 4. c3 a6 5. Bd3 e6 6. 0-0 b5 7. Re1 Bb7 8. a4 b4 9. cxb4 cxb4 10. b3 Nf6 11. Bb2 Be7 12. Bc2 d5 13. d3 dxe4 14. dxe4 Qxd1 15. Rxd1 Bxe4 16. Bxe4 Nxe4 17. Bxg7 Rg8 18. Be5 f6 19. Bd4 Nxb3 20. Ra2 e5 21. Bb6 a5 22. Rc2 Kf7 23. Re1 Nec5 24. Nbd2 Nxd2 25. Nxd2 Nxa4 26. Nb3 Nxb6 0-1

[Event "Pardubice op rap 26th"]
[Site "Pardubice"]
[Date "2015.07.23"]
[Round "6"]
[White "Zaksaite, Salomeja"]
[Black "Lehmann, Holger"]
[Result "1-0"]
[WhiteElo "2237"]
[BlackElo "2180"]
[PlyCount "49"]
[EventDate "2015.07.22"]
[EventType "swiss (rapid)"]
[EventRounds "9"]
[EventCountry "CZE"]
[SourceTitle "CBM 167 Extra"]
[Source "ChessBase"]
[SourceDate "2015.09.14"]
[SourceVersion "1"]
[SourceVersionDate "2015.09.14"]
[SourceQuality "1"]

1. e4 c5 2. Nf3 d6 3. d4 cxd4 4. Nxd4 Nf6 5. Nc3 Bd7 6. Bc4 g6 7. 0-0 Bg7 8. Bg5 0-0 9. Re1 Nc6 10. Nxc6 Bxc6 11. Nd5 b5 12. Bb3 Bxd5 13. exd5 a5 14. c3 Re8 15. Qd3 a4 16. Bc2 Qd7 17. a3 Rac8 18. Rad1 Rc5 19. Qf3 Qb7 20. Bb1 Rxd5 21. Rc1 Qc6 22. Bxf6 Bxf6 23. Be4 Bg5 24. Bxd5 Qc5 25. Qxf7+ 1-0